000 00337nam a2200133Ia 4500
005 20260328101521.0
008 260328s9999||||xx |||||||||||||| ||und||
100 _aOrtner, Jon
245 0 _aAngkor :
_b Celestial temples of the Khmer Empire /
_cJon Ortner
260 _bAbbeville
300 _a286 p.
650 _aEDAD MEDIA
942 _cBK
999 _c9590
_d9590